[Event "Sao Paulo CXSP-ch U20"]
[Site "Sao Paulo"]
[Date "2004.??.??"]
[Round "5"]
[White "Ferreira, Jennifer Marques"]
[Black "Gomez, Gustavo Pizzocaro"]
[Result "0-1"]
[WhiteElo "1735"]
[BlackElo "1815"]
[PlyCount "24"]
[EventDate "2004.??.??"]
[EventType "swiss"]
[EventRounds "5"]
[EventCountry "BRA"]
[SourceTitle "EXT 2010"]
[Source "ChessBase"]
[SourceDate "2010.11.25"]
[SourceVersion "1"]
[SourceVersionDate "2010.11.25"]
[SourceQuality "1"]

1. e4 e5 2. Nf3 Nc6 3. d4 exd4 4. Nxd4 Bc5 5. Be3 Qf6 6. c3 Nge7 7. Bc4 Ng6 8. Qd2 Nge5 9. Bb3 h6 10. h3 Qg6 11. Nb5 Qxg2 12. Rf1 Nf3+ 0-1